Countries that have discovered an Element - Statistics

General Stats
  • This quiz has been taken 36 times
  • The average score is 11 of 13
Answer Stats
Hint Answer % Correct
19 Germany
100%
6 Russia
100%
17 France
97%
23 United Kingdom
97%
17 United States
97%
2 Spain
94%
1 Italy
88%
19 Sweden
81%
2 Switzerland
72%
2 Austria
66%
2 Denmark
59%
1 Finland
59%
1 Romania
41%
No matching quizzes found
Score Distribution
Percent of People with Each Score
Percentile by Number Answered
Your Score History
You have not taken this quiz